|
|
|
|
| LEADER |
01385nam a2200325 u 4500 |
| 001 |
10026861 |
| 003 |
upatras |
| 005 |
20210218094248.0 |
| 008 |
950531s1971 us eng |
| 020 |
|
|
|a 0393099369
|
| 040 |
|
|
|a GR-PaULI
|c GR-PaULI
|
| 041 |
0 |
|
|a eng
|
| 082 |
0 |
4 |
|a 531.113 3
|
| 082 |
0 |
4 |
|a 531.32
|
| 100 |
1 |
|
|a French, A. P.
|q (Anthony Philip)
|d 1920-
|9 38277
|
| 245 |
1 |
0 |
|a Vibrations and waves
|c A. P. French
|
| 260 |
|
|
|a New York
|b W. W. Norton & Company
|c 1971
|
| 300 |
|
|
|a xi, 316 p.
|b fig.
|
| 490 |
0 |
|
|a MIT introductory physics series
|
| 504 |
|
|
|a Includes bibliography, answers to problems and index
|
| 650 |
|
4 |
|a Κύματα (Φυσική)
|9 2387
|
| 650 |
|
4 |
|a Ταλαντώσεις
|9 233
|
| 760 |
1 |
|
|a MIT introductory physics series
|
| 852 |
|
|
|a GR-PaULI
|b ΠΑΤΡΑ
|b ΒΚΠ
|b ΒΣ1
|k ΑΣΧΞ-12
|h 531.32 FRE
|m 076112
|p 025000044862
|t 2
|
| 852 |
|
|
|a GR-PaULI
|b ΠΑΤΡΑ
|b ΦΥΣΙΚΟ
|k ΑΕΧ-1
|h 531.113 3 FRE
|m 03913
|p 025000024641
|t 1
|
| 942 |
|
|
|2 ddc
|c BK15
|
| 952 |
|
|
|0 0
|1 0
|4 0
|6 531_320000000000000_FRE
|7 0
|9 197219
|a LISP
|b LISP
|c BSC
|d 2016-04-24
|i 076112
|l 0
|o 531.32 FRE
|p 025000044862
|r 2016-04-24 00:00:00
|t 2
|w 2016-04-24
|y BK15
|
| 952 |
|
|
|0 0
|1 0
|4 0
|6 531_113000000000000_3_FRE
|7 0
|9 197220
|a PHYS
|b PHYS
|d 2016-04-24
|i 03913
|l 0
|o 531.113 3 FRE
|p 025000024641
|r 2016-04-24 00:00:00
|t 1
|w 2016-04-24
|y BK15
|
| 998 |
|
|
|c ΔΡΑΚΟΠΟΥΛΟΥ
|d 1999-08
|
| 999 |
|
|
|c 121057
|d 121057
|